000 00504nam a22001697a 4500
003 BD-ChCU
005 20260408090545.0
008 260408b bg ||||| |||| 00| 0 ben d
040 _cBD-ChCU
082 _a374.9931 THA
100 _aThompson , A.B.
_921324
245 _aAdult education in new Zealand :
_ba critical & historical survey ./
_cA.B. Thompson.
260 _aNew Zealand :
_bC.E. Research ,
_cC 1945 .
300 _axiv , 378p .
650 0 _aEducation - U.S.
_921326
942 _2ddc
_cBK
_n0
999 _c112124
_d112124